<?xml version="1.0" encoding="UTF-8"?>
<record
    xmlns:xsi="http://www.w3.org/2001/XMLSchema-instance"
    xsi:schemaLocation="http://www.loc.gov/MARC21/slim http://www.loc.gov/standards/marcxml/schema/MARC21slim.xsd"
    xmlns="http://www.loc.gov/MARC21/slim">

  <leader>00790nam a22002177a 4500</leader>
  <controlfield tag="005">20231102151845.0</controlfield>
  <controlfield tag="008">150820s2014    m  a|||e |||| 00| 0 spa d</controlfield>
  <datafield tag="020" ind1=" " ind2=" ">
    <subfield code="a">978-968-24-4100-4</subfield>
  </datafield>
  <datafield tag="050" ind1="1" ind2="4">
    <subfield code="a">Q180.A1 P77</subfield>
  </datafield>
  <datafield tag="100" ind1="1" ind2=" ">
    <subfield code="a">MENDEZ RAMIREZ, Ignacio, autor</subfield>
  </datafield>
  <datafield tag="245" ind1="0" ind2="3">
    <subfield code="a">El protocolo de la investigaci&#xF3;n</subfield>
    <subfield code="b">: lineamientos para su elaboraci&#xF3;n y an&#xE1;lisis</subfield>
    <subfield code="c">/ Ignacio M&#xE9;ndez Ram&#xED;rez</subfield>
  </datafield>
  <datafield tag="250" ind1=" " ind2=" ">
    <subfield code="a">2a. edici&#xF3;n.</subfield>
  </datafield>
  <datafield tag="260" ind1="3" ind2=" ">
    <subfield code="a">M&#xE9;xico</subfield>
    <subfield code="b">: Trillas</subfield>
    <subfield code="c">, 2014</subfield>
  </datafield>
  <datafield tag="300" ind1=" " ind2=" ">
    <subfield code="a">210 p&#xE1;ginas.</subfield>
    <subfield code="b">: il.</subfield>
    <subfield code="c">; 23 cm.</subfield>
  </datafield>
  <datafield tag="500" ind1=" " ind2=" ">
    <subfield code="a">Incluye: &#xED;ndice de contenido, bibliograf&#xED;a de consulta e &#xED;ndice alfab&#xE9;tico.</subfield>
  </datafield>
  <datafield tag="500" ind1=" " ind2=" ">
    <subfield code="a">PLAN FLEXIBLE
09 000893</subfield>
  </datafield>
  <datafield tag="650" ind1="1" ind2="4">
    <subfield code="a">CIENCIA</subfield>
    <subfield code="v">METODOLOGIA</subfield>
  </datafield>
  <datafield tag="700" ind1="1" ind2=" ">
    <subfield code="a">NAMIHIRA GUERRERO, Delia</subfield>
    <subfield code="e">coautor</subfield>
  </datafield>
  <datafield tag="700" ind1="2" ind2=" ">
    <subfield code="a">MORENO ALTAMIRANO, Laura</subfield>
    <subfield code="e">coautor</subfield>
  </datafield>
  <datafield tag="942" ind1=" " ind2=" ">
    <subfield code="c">LB</subfield>
    <subfield code="2">lcc</subfield>
  </datafield>
  <datafield tag="952" ind1=" " ind2=" ">
    <subfield code="0">0</subfield>
    <subfield code="1">0</subfield>
    <subfield code="2">lcc</subfield>
    <subfield code="4">0</subfield>
    <subfield code="7">0</subfield>
    <subfield code="a">09</subfield>
    <subfield code="b">09</subfield>
    <subfield code="d">2015-08-20</subfield>
    <subfield code="l">0</subfield>
    <subfield code="o">Q180.A1 P77</subfield>
    <subfield code="p">09 000893</subfield>
    <subfield code="r">2015-08-20</subfield>
    <subfield code="t">1</subfield>
    <subfield code="w">2015-08-20</subfield>
    <subfield code="y">LB</subfield>
  </datafield>
  <datafield tag="999" ind1=" " ind2=" ">
    <subfield code="c">97721</subfield>
    <subfield code="d">97721</subfield>
  </datafield>
</record>
